000 00641nam a2200253Ia 4500
003 OSt
005 20221006142610.0
006 a|||||r|||| 00| 0
007 ta
008 221006b |||||||| |||| 00| 0 eng d
020 _c117.21(each)
024 _a6,720
037 _cTextual
040 _aEASL
_cEASL
_beng
041 _2eng
_aeng
082 _aY15.41.N8, 111M6
100 _aKristeva Julia
245 0 _aAbout Chinese women
260 _aLondon
_bMarion Boyars
_c1986
300 _a296p.
_ccm.
490 _v CEL
942 _hY15.41.N8, 111M6
_cTEXL
_2CC
999 _c1074806
_d1074806